Introducing Management / General Perspectives, Trends and Developments for the Student and Layreader (Record no. 704)
[ view plain ]
| 000 -LEADER | |
|---|---|
| fixed length control field | 01513cam a22002054a 4500 |
| 005 - ΗΜΕΡΟΜΗΝΙΑ ΚΑΙ ΩΡΑ ΤΕΛΕΥΤΑΙΑΣ ΕΝΗΜΕΡΩΣΗΣ | |
| Πεδίο ελέγχου | 20250605163943.0 |
| 008 - FIXED-LENGTH DATA ELEMENTS--GENERAL INFORMATION | |
| Πεδίο ελέγχου σταθερού μήκους | 250528s ||||||||||||||||||||||||d |
| 035 ## - SYSTEM CONTROL NUMBER | |
| System control number | 15107 |
| 020 ## - ISBN | |
| ISBN | 140091394 |
| 040 ## - ΠΗΓΗ ΚΑΤΑΛΟΓΟΓΡΑΦΗΣΗΣ | |
| Φορέας πρωτότυπης καταλογογράφησης | MC Athens Campus Library |
| Γλώσσα καταλογογράφησης | Ελληνικά, Μοντέρνα (1453-) |
| Modifying agency | MC Athens Campus Library |
| Κανόνες περιγραφικής καταλογογράφησης | AACR2 |
| 245 1# - ΤΙΤΛΟΣ ΚΑΙ ΔΗΛΩΣΗ ΥΠΕΥΘΥΝΟΤΗΤΑΣ | |
| Τίτλος | Introducing Management / General Perspectives, Trends and Developments for the Student and Layreader |
| 260 ## - PUBLICATION, DISTRIBUTION, ETC. | |
| Name of publisher, distributor, etc. | Penguin Books, |
| Date of publication, distribution, etc. | 1985 |
| 300 ## - PHYSICAL DESCRIPTION | |
| Extent | 496 |
| 520 ## - SUMMARY, ETC. | |
| Summary, etc. | This book is intended to advance our knowledge of management rather than simply to reinforce received wisdom. Preface, Acknowledgements, Perspectives, Management: Science or Activity?, The Real Work of Managers, Self-Management, Management of Organizations, Communication in Organizations, Leadership, Control, The Context of Management, Ownership and Management and Strategic Control, Government Policy and the Economic System, Industrial Relations, Employee Participation, Internal Politics, Ethics in Business, Culture's Consequences, The American Company in Britain, Japanese Management, Management of Functional Areas, Research and Development Strategies, Production and Operation Management, Personnel Management: An Organizational Perspective, Accountants and the Finance Function, Management Services, The Advent of Computerization: North and South, Corporate Strategy and Strategic Management, Thinking About Change, Further Reading, References, Index. |
| 700 1# - ΠΡΟΣΘΕΤΗ ΑΝΑΓΡΑΦΗ--ΦΥΣΙΚΟ ΠΡΟΣΩΠΟ | |
| Personal name | Elliott Ken |
| 9 (RLIN) | 953 |
| 700 1# - ΠΡΟΣΘΕΤΗ ΑΝΑΓΡΑΦΗ--ΦΥΣΙΚΟ ΠΡΟΣΩΠΟ | |
| Personal name | Lawrence Peter |
| 9 (RLIN) | 954 |
| 942 ## - ADDED ENTRY ELEMENTS (KOHA) | |
| Koha item type | Books |
| Τύπος τεκμηρίου | Βιβλιοθήκη | Τρέχουσα τοποθεσία | Barcode | Αριθμός εισαγωγής | Ημερομηνία απόκτησης | Ταξιθετικό σύμβολο | Αριθμός αντιτύπου | Κατάσταση απόσυρσης | Κατάσταση χαμένου | Κατάσταση κατεστραμμένου | Μη δανεισμός | Σύνολο δανεισμών | Ημερομηνία τελευταίας εμφάνισης | Η τιμή ισχύει από |
|---|---|---|---|---|---|---|---|---|---|---|---|---|---|---|
| Books | MC Athens Campus Library | MC Athens Campus Library | 9780000007032 | 1337 | 05/06/2025 | 658 LAW | 1 | 05/06/2025 | 05/06/2025 |